000 005200000a22001690004500
090 _aAR
_b02645
245 1 0 _aHumidity acclimation and skin permeability in the lizard Anolis carolinensis
650 1 4 _aHerpetología
_98027
650 1 4 _aLagartos
_993071
650 1 4 _aFisiología
_915628
653 _gAnolis
_eAnolis carolinensis
041 0 _aInglés
700 1 _aLillywhite, Harvey B
_996143
100 1 _aKattan, Gustavo H.
_94374
942 _cARTICULO
773 1 _tPhysiological Zoology
_3429
_h2
_q593-606
_d1989
_g62
999 _c11707
_d11707